Geosystems : (Record no. 561623)
[ view plain ]
| 000 -LEADER | |
|---|---|
| fixed length control field | 00465nam a2200145Ia 4500 |
| 008 - FIXED-LENGTH DATA ELEMENTS--GENERAL INFORMATION | |
| fixed length control field | 210430s9999 xx 000 0 und d |
| 020 ## - INTERNATIONAL STANDARD BOOK NUMBER | |
| International Standard Book Number | 0130613452 (hardcover) | 97801 |
| 082 ## - DEWEY DECIMAL CLASSIFICATION NUMBER | |
| Classification number | 551 C553 G |
| 100 ## - MAIN ENTRY--PERSONAL NAME | |
| Personal name | Christopherson, Robert W. |
| 245 ## - TITLE STATEMENT | |
| Title | Geosystems : |
| Statement of responsibility, etc. | Christopherson, Robert W. |
| 260 ## - PUBLICATION, DISTRIBUTION, ETC. | |
| Place of publication, distribution, etc. | [S.l.] : |
| Name of publisher, distributor, etc. | Addison Wesley Longman, |
| Date of publication, distribution, etc. | 2001 |
| 300 ## - PHYSICAL DESCRIPTION | |
| Extent | 688 p. ; |
| 856 ## - ELECTRONIC LOCATION AND ACCESS | |
| Uniform Resource Identifier | <a href="http://www.amazon.com/exec/obidos/ASIN/0130613452/chopaconline-20">http://www.amazon.com/exec/obidos/ASIN/0130613452/chopaconline-20</a> |
| 942 ## - ADDED ENTRY ELEMENTS (KOHA) | |
| Source of classification or shelving scheme | |
| Withdrawn status | Lost status | Damaged status | Not for loan | Collection code | Permanent Location | Current Location | Shelving location | Date acquired | Total Checkouts | Full call number | Barcode | Date last seen | Price effective from | Koha item type |
|---|---|---|---|---|---|---|---|---|---|---|---|---|---|---|
| School of Chemical & Materials Engineering (SCME) | School of Chemical & Materials Engineering (SCME) | General Stacks | 551 C553 G | SCME-458 | 04/30/2021 | 04/30/2021 | Book |
